000 00254nam a2200097Ia 4500
001 677938
005 20250826161028.0
008 250824s9999 xx 000 0 und d
245 0 _aPAL SOKAĞI ÇOCUKLARI
_cGÜLTEN DAYIOĞLU
260 _bYAPI KREDİ YAYINLARI
999 _c677938
_d677938